000 00477nam a2200169Ia 4500
003 OSt
005 20201203121916.0
008 190216s9999||||xx |||||||||||||| ||und||
040 _coclc
082 _a894.8124
_bEZH/D
100 _aEzhuthachan, K N
_96937
245 0 _aDeepamala /
_cK N Ezhuthachan
260 _bPoorna Publication,
_aKozhikode;
_c1990.
300 _a175p
650 _aLekhanam
942 _cBK
_2ddc
_h894.8124
_iEZH/D
_k894.8124
_mEZH/D
999 _c26625
_d26625